Normal view MARC view
  • United Kindom

Entry Corporate Name

Number of records used in: 1

001 - CONTROL NUMBER

  • control field: 6110

003 - CONTROL NUMBER IDENTIFIER

  • control field: OSt

005 - DATE AND TIME OF LATEST TRANSACTION

  • control field: 20190806150249.0

008 - FIXED-LENGTH DATA ELEMENTS

  • fixed length control field: 120914n| acannaabn |n ana d

040 ## - CATALOGING SOURCE

  • Original cataloging agency: OSt
  • Transcribing agency: OSt

110 2# - HEADING--CORPORATE NAME

  • Corporate name or jurisdiction name as entry element: United Kindom
  • Subordinate unit: Department for Business, Innovation and Skills

670 ## - SOURCE DATA FOUND

  • Source citation: New proposals to boost small businesses that support home buyers and sellers, 2012